Fr. Conceicao Rodrigues College of Engineering

Applications programming In C (Record no. 17851)

MARC details
000 -LEADER
fixed length control field 00338nam a2200133Ia 4500
082 ## - DEWEY DECIMAL CLASSIFICATION NUMBER
Classification number 621.3813
Item number JOHN
100 ## - MAIN ENTRY--PERSONAL NAME
Personal name Johnsonbaugn/R/ Kalley/G
245 ## - TITLE STATEMENT
Title Applications programming In C
260 ## - PUBLICATION, DISTRIBUTION, ETC.
Name of publisher, distributor, etc. Macmillan I(B I Publications) Xerox Copy
Place of publication, distribution, etc. New York
Date of publication, distribution, etc. 1990
300 ## - PHYSICAL DESCRIPTION
Extent 806
546 ## - LANGUAGE NOTE
Language note ENGLISH
654 ## - SUBJECT ADDED ENTRY--FACETED TOPICAL TERMS
Focus term programming
942 ## - ADDED ENTRY ELEMENTS (KOHA)
Koha item type BOOK
Holdings
Withdrawn status Lost status Damaged status Not for loan Collection Home library Current library Shelving location Date acquired Source of acquisition Cost, normal purchase price Inventory number Total Checkouts Full call number Barcode Date last seen Cost, replacement price Price effective from Koha item type
        CRC Fr. Agnel's C.Rodrigues College of Engineering Fr. Agnel's C.Rodrigues College of Engineering   17/03/2023 Pravina books 282.56 265   621.3813 JOHN 3056 17/03/2023 282.56 17/03/2023 BOOK